000 00601nam a2200241 a 4500
001 nice12345678
003 IN_TiNIC
005 20260116014926.0
008 050524s1954 newa grp 000 0 eng
020 _a023101X
_c70
082 0 0 _a190
_bHIG
100 _aHighet, Gilbert
245 _aMan`s Unconquerable Mind
260 _aNew York
_bColumbia University Press
_c1954
300 _a136p
500 _aincludes index and biblioraphy
505 2 _aNotes
650 _aPhilosophy-Western-Modern
700 1 _aHighet, Gilbert
902 _bSRS
942 _cBK
999 _c17570
_d17570